| 000 | 00898cam a2200217 4500 | ||
|---|---|---|---|
| 008 | 030205n2003 000 0 eng u | ||
| 035 | _a(Sirsi) u121246 | ||
| 245 | _aLondon rents | ||
| 260 | _c2003 | ||
| 490 |
_aProperty Week _v 31 January 2003, 8(1) |
||
| 520 | _aCB Hillier Parker research shows that London is the most expensive office location in the world. Prime rents in the West End are £1,011,81sq m a year ahead of Tokyo. The five most expensive locations in the world have remained unchanged since the end of 2001 despite occupational costs for prime office space falling. With table of global office prime rents. | ||
| 590 | _aWB | ||
| 650 | _aPRIME RENTS | ||
| 650 | _aOFFICE SPACE | ||
| 650 | _aCB HILLIER PARKER | ||
| 650 | _aLONDON | ||
| 650 | _aTOKYO | ||
| 650 | _aOFFICE LOCATIONS | ||
| 690 | _aPROPERTY-COMMERCIAL PROPERTY-COMMERCIAL PROPERTY MARKET | ||
| 942 | _n0 | ||
| 999 |
_c72058 _d72058 |
||